| 000 | 00623nam a2200217Ia 4500 | ||
|---|---|---|---|
| 003 | OSt | ||
| 005 | 20220926012223.0 | ||
| 006 | a|||||r|||| 00| 0 | ||
| 007 | ta | ||
| 008 | 220923b |||||||| |||| 00| 0 eng d | ||
| 037 | _cGeneral Book | ||
| 040 |
_aRTL _cRTL _beng |
||
| 041 |
_2eng _aeng |
||
| 082 | _aa14,14,N6, K8/BB | ||
| 100 |
_aKERNER Robert J _9120312 |
||
| 245 | 0 |
_aNorth-Eastern Asia _b A selected bibliography.V1. |
|
| 260 |
_aNew York _bBurtFranklin _c1968 |
||
| 300 |
_axxxix,675p _ccm. |
||
| 942 |
_ha14,14,N6, K8/BB _cGB _2CC |
||
| 999 |
_c622116 _d622116 |
||